Подробности
| 000 -МАРКЕР |
| контрольное поле |
02573nam2a22004091 4500 |
| 001 - ИДЕНТИФИКАТОР ЗАПИСИ |
| контрольное поле |
v19\rc\1891009 |
| 005 - ИДЕНТИФИКАТОР ВЕРСИИ |
| контрольное поле |
20251120190647.0 |
| 035 ## - ДРУГИЕ СИСТЕМНЫЕ НОМЕРА |
| Идентификатор записи |
(NLR Aleph) 004989522 |
| 100 ## - ДАННЫЕ ОБЩЕЙ ОБРАБОТКИ |
| Данные общей обработки |
20080221d1911 u y0rusy50 ca |
| 101 1# - ЯЗЫК РЕСУРСА |
| Язык текста, звукозаписи и т.д. |
русский |
| Язык оригинала |
идиш |
| 102 ## - СТРАНА ПУБЛИКАЦИИ ИЛИ ПРОИЗВОДСТВА |
| Страна публикации |
Российская Федерация |
| 105 ## - ПОЛЕ КОДИРОВАННЫХ ДАННЫХ: ТЕКСТОВЫЕ МАТЕРИАЛЫ, МОНОГРАФИЧЕСКИЕ |
| Кодированные данные о монографическом текстовом документе |
y z ||||| |
| 200 1# - ЗАГЛАВИЕ И СВЕДЕНИЯ ОБ ОТВЕТСТВЕННОСТИ |
| Основное заглавие |
[На распутье |
| 210 ## - ПУБЛИКАЦИЯ, РАСПРОСТРАНЕНИЕ И ДР. |
| Дата издания, распространения и т.д. |
1911 |
| 215 ## - ФИЗИЧЕСКАЯ ХАРАКТЕРИСТИКА |
| Специфическое обозначение материала и объем |
299 с. |
| 423 #0 - ИЗДАЕТСЯ В ОДНОЙ ОБЛОЖКЕ ВМЕСТЕ С ... |
| Встроенное поле |
1011#$arus$cyid$cyid$cyid |
| -- |
2001#$aВ одной общине$aКаббалисты$aЛюбовь |
| -- |
700#1$aПерец$bЛ.$gЛеон |
| Заглавие |
Любовь |
| Автор |
Перец, Леон |
| 423 #0 - ИЗДАЕТСЯ В ОДНОЙ ОБЛОЖКЕ ВМЕСТЕ С ... |
| Встроенное поле |
1011#$arus$cyid$cyid |
| -- |
2001#$aЯсек$aМать |
| -- |
700#1$aАш$bШ.$f1880-1957$gШолом$3RU\NLR\AUTH\7770011 |
| Заглавие |
Мать |
| Автор |
Аш, Шолом (1880-1957) |
| 423 #0 - ИЗДАЕТСЯ В ОДНОЙ ОБЛОЖКЕ ВМЕСТЕ С ... |
| Встроенное поле |
1011#$arus$cyid$cyid |
| -- |
2001#$aКвартирант$aТри силуэта |
| -- |
700#1$aРейзин$bА.$f1876-1953$gАвраам |
| Заглавие |
Три силуэта |
| Автор |
Рейзин, Авраам (1876-1953) |
| 423 #0 - ИЗДАЕТСЯ В ОДНОЙ ОБЛОЖКЕ ВМЕСТЕ С ... |
| Встроенное поле |
1011#$arus$cyid |
| -- |
2001#$aИдиот |
| -- |
700#1$aГальперин$bФ. |
| Заглавие |
Идиот |
| Автор |
Гальперин, Ф. |
| 423 #0 - ИЗДАЕТСЯ В ОДНОЙ ОБЛОЖКЕ ВМЕСТЕ С ... |
| Встроенное поле |
1011#$arus$cyid |
| -- |
2001#$aДрабкин |
| -- |
700#1$aПинский$bД.$f1872-1959$gДавид |
| Заглавие |
Драбкин |
| Автор |
Пинский, Давид (1872-1959) |
| 423 #0 - ИЗДАЕТСЯ В ОДНОЙ ОБЛОЖКЕ ВМЕСТЕ С ... |
| Встроенное поле |
1011#$arus$cyid |
| -- |
2001#$aПод горою |
| -- |
700#1$aБрохес$bР.$f1880-1942$gРохл$6z01790 |
| -- |
790#1$aБрохес$bР.$f1880-1942$gРохль |
| Заглавие |
Под горою |
| Автор |
Брохес, Рохл (1880-1942) |
| 423 #0 - ИЗДАЕТСЯ В ОДНОЙ ОБЛОЖКЕ ВМЕСТЕ С ... |
| Встроенное поле |
1011#$arus$cyid |
| -- |
2001#$aОмраченная суббота |
| -- |
700#1$aКобрин$bЛ.$f1872-1946$gЛеон |
| Заглавие |
Омраченная суббота |
| Автор |
Кобрин, Леон (1872-1946) |
| 423 #0 - ИЗДАЕТСЯ В ОДНОЙ ОБЛОЖКЕ ВМЕСТЕ С ... |
| Встроенное поле |
1011#$arus$cyid |
| -- |
2001#$aСумерки] |
| -- |
700#1$aГиршбейн$bП.$f1880-1949$gПерец |
| Заглавие |
Сумерки] |
| Автор |
Гиршбейн, Перец (1880-1949) |
| 461 #0 - УРОВЕНЬ НАБОРА |
| Встроенное поле |
001v19\rc\1891008 |
| -- |
2001#$aАльманахи молодой еврейской литературы$fПод ред. С.А. Гибянского$vКн. 1 |
| Системный номер (АБИС) связанной записи |
6270894 |
| Место публикации |
Санкт-Петербург |
| Дата публикации |
1911 |
| Издание |
2-е изд. Кн. 1- |
| Первые сведения об ответственности |
Под ред. С.А. Гибянского |
| Имя издателя, распространителя и т.д. |
Соврем. мысль |
| Заглавие |
Альманахи молодой еврейской литературы |
| Номер тома |
Кн. 1 |
| 540 1# - ДОПОЛНИТЕЛЬНОЕ ЗАГЛАВИЕ, ПРИМЕНЯЕМОЕ КАТАЛОГИЗАТОРОМ |
| Заглавие |
На распутье |
| 700 #1 - ИМЯ ЛИЦА - ПЕРВИЧНАЯ ОТВЕТСТВЕННОСТЬ |
| Начальный элемент ввода |
Тайтш |
| Часть имени, кроме начального элемента ввода |
М. Х. |
| Даты |
1885-1932 |
| Расширение инициалов личного имени |
Моисей Хаймович |
| 801 #0 - ИСТОЧНИК ЗАПИСИ |
| Страна |
Российская Федерация |
| Организация |
NLR |
| Правила каталогизации |
psbo |
| 801 #0 - ИСТОЧНИК ЗАПИСИ |
| Страна |
Российская Федерация |
| Организация |
RuMoRGB |
| Источник данных |
psbo |
| 801 #1 - ИСТОЧНИК ЗАПИСИ |
| Страна |
Российская Федерация |
| Организация |
ProSoft-M |
| Источник данных |
rusmarc |
| 852 ## - МЕСТОНАХОЖДЕНИЕ И ШИФР ХРАНЕНИЯ |
| Идентификатор организации |
NLR |
| Шифр хранения (Call Number) |
38.31.3.14 |
| 899 ## - ДАННЫЕ О МЕСТОНАХОЖДЕНИИ (устаревшее) |
| Местонахождение |
RuMoRGB |
| Шифр хранения |
U 49/337 |
| 899 ## - ДАННЫЕ О МЕСТОНАХОЖДЕНИИ (устаревшее) |
| Местонахождение |
БАН |
| 899 ## - ДАННЫЕ О МЕСТОНАХОЖДЕНИИ (устаревшее) |
| Местонахождение |
НБ МГУ |
| 942 ## - ДОПОЛНИТЕЛЬНЫЕ ЭЛЕМЕНТЫ ЗАПИСИ (АБИС) |
| Тип экземпляра АБИС |
Книга |
| 980 ## - КОЛЛЕКЦИЯ |
| Название коллекции |
Национальная библиография |